<The> research of the relationship between social innovation and the economy of an enterprise in order to increase the competitiveness of the business entity proceedings of scientific papers

Guardado en:
Detalles Bibliográficos
Autor Corporativo: Ekonomická univerzita v Bratislave. Fakulta podnikového manažmentu
Otros Autores: Suchánek, Petr, Tóth, Miroslav, 1961-
Formato: Libro
Lenguaje:inglés
eslovaco
Publicado: Brno Munipress 2017
Edición:1st ed.
Materias:
Etiquetas: Agregar Etiqueta
Sin Etiquetas, Sea el primero en etiquetar este registro!

MARC

LEADER 00000nlm a2200000 4500
001 0238796
005 20240523114853.5
020 |a 978-80-210-8854-2 
041 0 |a eng 
041 0 |a slo 
044 |a CZ 
245 1 0 |a <The> research of the relationship between social innovation and the economy of an enterprise in order to increase the competitiveness of the business entity  |b proceedings of scientific papers  |c Gabriela Dubcová & colective ; reviewers: Petr Suchánek, Miroslav Tóth 
250 |a 1st ed. 
264 1 |a Brno  |b Munipress  |c 2017 
300 |a CD-ROM [119 s., 8,75 AH] 
610 2 0 |a inovácie sociálne 
610 2 0 |a politika podniková 
610 2 0 |a politika sociálna podniková 
610 2 0 |a konkurencieschopnosť 
610 2 0 |a podnik sociálny 
610 2 0 |a hospodárstvo podnikové 
700 1 |a Suchánek, Petr 
700 1 |a Tóth, Miroslav, 1961- 
710 2 |a Ekonomická univerzita v Bratislave. Fakulta podnikového manažmentu